| 000 | 00653nam a22001577a 4500 | ||
|---|---|---|---|
| 008 | 160526b xxu||||| |||| 00| 0 eng d | ||
| 082 |
_22014 _aUT 0522 _bT14 |
||
| 100 |
_99087 _aTalingas, Dodgie Niel G. |
||
| 245 |
_aAntas ng pagbasa na may pang-unawa sa maikling kwento ng mga mag-aaral na ng memedtor sa Filipino sa kursong edukasyon/ _cDodgie Niel G. Talinggas, Lady Mie M. Noval and Ailyn Joice S. Oling. |
||
| 260 |
_aDigos City: _bUMDC _cOktubre 2014. |
||
| 300 |
_a48 pages; _c30 cm. |
||
| 650 | 0 |
_99086 _aEducation _vFilipino _xUndergraduate thesis. |
|
| 700 |
_99084 _aNoval, Lady Mie M. |
||
| 700 |
_99085 _aOling, Ailyn Joice S. |
||
| 942 |
_2ddc _cUT |
||
| 999 |
_c2744 _d2744 |
||